<?xml version="1.0" encoding="UTF-8"?>
<record
    xmlns:xsi="http://www.w3.org/2001/XMLSchema-instance"
    xsi:schemaLocation="http://www.loc.gov/MARC21/slim http://www.loc.gov/standards/marcxml/schema/MARC21slim.xsd"
    xmlns="http://www.loc.gov/MARC21/slim">

  <leader>02868cam a22003017a 4500</leader>
  <controlfield tag="001">15942863</controlfield>
  <controlfield tag="003">OSt</controlfield>
  <controlfield tag="005">20150408114047.0</controlfield>
  <controlfield tag="008">091013s2010    au a          001 0 eng  </controlfield>
  <datafield tag="020" ind1=" " ind2=" ">
    <subfield code="a">9783211993729 (hbk. : alk. paper)</subfield>
  </datafield>
  <datafield tag="020" ind1=" " ind2=" ">
    <subfield code="a">321199372X (hbk. : alk. paper)</subfield>
  </datafield>
  <datafield tag="040" ind1=" " ind2=" ">
    <subfield code="c">MU</subfield>
  </datafield>
  <datafield tag="082" ind1="0" ind2="4">
    <subfield code="2">21</subfield>
    <subfield code="a">617.481</subfield>
    <subfield code="b">S U M</subfield>
  </datafield>
  <datafield tag="245" ind1="0" ind2="0">
    <subfield code="a">Surgical management of cerebrovascular disease /</subfield>
    <subfield code="c">edited by Aki Laakso ... [et al.].</subfield>
  </datafield>
  <datafield tag="260" ind1=" " ind2=" ">
    <subfield code="a">Wien ;</subfield>
    <subfield code="a">New York :</subfield>
    <subfield code="b">Springer,</subfield>
    <subfield code="c">c2010</subfield>
  </datafield>
  <datafield tag="300" ind1=" " ind2=" ">
    <subfield code="a">viii, 122 p. :</subfield>
    <subfield code="b">ill. (some col.)</subfield>
    <subfield code="c">29 cm.</subfield>
  </datafield>
  <datafield tag="490" ind1="0" ind2=" ">
    <subfield code="a">Acta neurochirurgica. Supplement,</subfield>
    <subfield code="x">0065-1419 ;</subfield>
    <subfield code="v">107</subfield>
  </datafield>
  <datafield tag="505" ind1="0" ind2=" ">
    <subfield code="a">Microsurgical principles for anterior circulation aneurysms -- Treatment of ruptured cerebral aneurysms: clip and coil, not clip versus coil -- Distal anterior cerebral artery aneurysms -- Treatment of complex intracranial aneurysms of anterior circulation using multiple clips -- Overview of spontaneous cervicocephalic arterial dissection in Japan -- Incidence of intracranial arterial dissection in non-emergency outpatients complaining of headache: preliminary investigation with MRI/MRA examinations -- A study of vertebrobasilar artery dissection with subarachnoid hemorrhage -- Surgical treatment of intracranial VA dissecting aneurysm -- Management of spontaneous dissection of the cervical carotid artery -- Natural history of arteriovenous malformations: presentation, risk of hemorrhage and mortality -- Present state of microneurosurgery of cerebral arteriovenous malformations -- Management of dural arteriovenous fistulas: Helsinki and Kuopio experience -- The rationale behind "a randomized trial of unruptured brain AVMs" (ARUBA) -- Posterior circulation EC-IC bypass via supracerebellar transtentorial SCTT approach applied in a young patient with congenital multiple occlusive cerebrovascular anomalies: case report and technical note -- Superficial temporal artery-to-middle cerebral artery anastomosis with encephalo-duro-myo-synangiosis as a modified operative procedure for moyamoya disease -- Long-term results of carotid endarterectomy and carotid stenting -- Application of microscope integrated indocyanine green video-angiography during microneurosurgical treatment of intracranial aneurysms: a review -- Principles of neuroanesthesia in stroke surgery -- Prevention of symptomatic vasospasm by continuous cisternal irrigation with mock-CSF containing ascorbic acid and Mg2+.</subfield>
  </datafield>
  <datafield tag="650" ind1=" " ind2="4">
    <subfield code="a">Cerebrovascular disease</subfield>
  </datafield>
  <datafield tag="650" ind1=" " ind2="4">
    <subfield code="a">Cerebrovascular disease</subfield>
    <subfield code="x">Surgery</subfield>
    <subfield code="9">16223</subfield>
  </datafield>
  <datafield tag="650" ind1=" " ind2="4">
    <subfield code="a">Intracranial aneurysms</subfield>
    <subfield code="9">16224</subfield>
  </datafield>
  <datafield tag="650" ind1=" " ind2="4">
    <subfield code="a">Subarachnoid hemorrhage.</subfield>
    <subfield code="9">16225</subfield>
  </datafield>
  <datafield tag="700" ind1="1" ind2=" ">
    <subfield code="a">Laakso, Aki</subfield>
    <subfield code="9">16226</subfield>
  </datafield>
  <datafield tag="906" ind1=" " ind2=" ">
    <subfield code="a">7</subfield>
    <subfield code="b">cbc</subfield>
    <subfield code="c">orignew</subfield>
    <subfield code="d">2</subfield>
    <subfield code="e">epcn</subfield>
    <subfield code="f">20</subfield>
    <subfield code="g">y-gencatlg</subfield>
  </datafield>
  <datafield tag="942" ind1=" " ind2=" ">
    <subfield code="2">ddc</subfield>
    <subfield code="c">DVD</subfield>
  </datafield>
  <datafield tag="999" ind1=" " ind2=" ">
    <subfield code="c">24250</subfield>
    <subfield code="d">258750</subfield>
  </datafield>
  <datafield tag="952" ind1=" " ind2=" ">
    <subfield code="1">0</subfield>
    <subfield code="2">2013-03-10</subfield>
    <subfield code="4">0</subfield>
    <subfield code="7">0</subfield>
    <subfield code="a">617.481 S U M</subfield>
    <subfield code="c">c.1</subfield>
    <subfield code="d">2012-06-24</subfield>
    <subfield code="h">CL</subfield>
    <subfield code="i">00109550</subfield>
    <subfield code="m">CL</subfield>
    <subfield code="r">2013-03-10 00:00:00</subfield>
    <subfield code="t">BOOK</subfield>
    <subfield code="w">ddc</subfield>
    <subfield code="y">0</subfield>
  </datafield>
  <datafield tag="952" ind1=" " ind2=" ">
    <subfield code="1">0</subfield>
    <subfield code="2">2013-03-10</subfield>
    <subfield code="4">0</subfield>
    <subfield code="7">0</subfield>
    <subfield code="a">617.481 S U M</subfield>
    <subfield code="c">c.2</subfield>
    <subfield code="d">2012-06-24</subfield>
    <subfield code="h">CL</subfield>
    <subfield code="i">00109551</subfield>
    <subfield code="m">CL</subfield>
    <subfield code="r">2013-03-10 00:00:00</subfield>
    <subfield code="t">BOOK</subfield>
    <subfield code="w">ddc</subfield>
    <subfield code="y">0</subfield>
  </datafield>
  <datafield tag="952" ind1=" " ind2=" ">
    <subfield code="1">0</subfield>
    <subfield code="2">2013-03-10</subfield>
    <subfield code="4">0</subfield>
    <subfield code="7">0</subfield>
    <subfield code="a">617.481 S U M</subfield>
    <subfield code="c">c.3</subfield>
    <subfield code="d">2012-06-24</subfield>
    <subfield code="h">CL</subfield>
    <subfield code="i">00109552</subfield>
    <subfield code="m">CL</subfield>
    <subfield code="r">2013-03-10 00:00:00</subfield>
    <subfield code="t">BOOK</subfield>
    <subfield code="w">ddc</subfield>
    <subfield code="y">0</subfield>
  </datafield>
</record>
